00762nam a2200241 i 4500003000900000005001700009007000300026008004100029020001800070040003000088041000800118082002400126100003200150245004000182264005700222300002800279336002700307337003400334338002800368500006400396650002800460650003200488DO-SdBNP20241031111958.0ta240813b2024 dr abc|| |||| 00| 0 spa d a9789945189636 aDO-SdBNPbspacBNPHUerda aspa 4aRD863.44bA454n2221 aAlonso, Carloseautor4aut.10aA numbered street /cCarlos Alonso. 4aSanto Domingo :bEditorial Salto al Reverso,c©2024 a329 páginas ;c24 cm. atextobtxt2rdacontent asin mediaciónnbn2rdamedia avolumenbnc2rdacarrier aIncluye datos biográficos del autor en la contracubierta  7aNovela dominicana2LEMB 7aLiteratura dominicana2LEMB